| 000 | 01085nam a2200253Ia 4500 | ||
|---|---|---|---|
| 003 | Ost | ||
| 005 | 20260507074901.0 | ||
| 008 | 260507s9999||||xx |||||||||||||| ||und|| | ||
| 020 | _a9957466402 | ||
| 040 | _cfsecg | ||
| 041 | _aara | ||
| 082 | _a332.1 | ||
| 100 |
_aخلف، فليح حسن _eمؤلف |
||
| 245 | 0 |
_aالنقود والبنوك / _c فليح حسن خلف |
|
| 260 |
_aعمان: _bجدارا للكتاب العالمي, _c2006 |
||
| 300 |
_a410 صفحة؛ _bإيضاحات ؛ _c25 سم |
||
| 504 | _aمراجع ص.408 | ||
| 520 | _a النقود، النظم النقدية، نظام النقد الدولي، النظريات النقدية، قيمة النقود، أسواق النقد والمال، البنوك في الإئتمان المصرفي، البنوك المركزية، البنوك والتجارة، البنوك الإختصاص، البنوك الإسلامية | ||
| 653 | _aالبنوك | ||
| 653 | _aالبنوك الإسلامية | ||
| 653 | _aالسياسة النقدية | ||
| 653 | _aالنقود | ||
| 942 | _cكتاب | ||
| 999 |
_c41657 _d41657 |
||